Score 0/26 Timer 05:00
19 Plays Today
Country % Correct
Sweden
88.2%
Switzerland
84.3%
Spain
83.6%
South Africa
82.2%
Sudan
80.5%
South Korea
78.6%
Slovakia
75.9%
Slovenia
72.7%
Somalia
70.8%
Serbia
67%
Syria
66.7%
Saudi Arabia
66.7%
Suriname
65.5%
Country % Correct
Senegal
64.8%
Singapore
64.4%
Sri Lanka
62.5%
Seychelles
57.6%
San Marino
57.2%
Saint Kitts and Nevis
56.8%
Saint Lucia
55.4%
Samoa
51.4%
Saint Vincent and the Grenadines
50.2%
Sierra Leone
49.3%
São Tomé and Príncipe
45.2%
Solomon Islands
45.1%
South Sudan
41.8%
Come Together.
Have Fun.
All Virtual.
We all need to come together. Play Sporcle's virtual live trivia to have fun, connect with people, and get your trivia on. Join a live hosted trivia game for your favorite pub trivia experience done virtually. If a virtual private party is more your thing, go here for details.

You're not logged in!

Compare scores with friends on all Sporcle quizzes.
OR
Log In

Sporcle TV

Today on Sporcle TV


Watch our educational content, quiz creation guides, and fun videos on Sporcle TV.

Show Comments

Extras

Top Quizzes Today


Score Distribution

Paid Content

Your Account Isn't Verified!

In order to create a playlist on Sporcle, you need to verify the email address you used during registration. Go to your Sporcle Settings to finish the process.

Report this User

Report this user for behavior that violates our Community Guidelines.

Details: